00934nam a2200217 a 4500001001000000003000500010005001700015008004100032010001100073011001100084040000900095100002900104245018500133260004100318500006000359502010900419650004300528650005900571856001600630856007000646000112500CHAP20220329144309.0160606s2016 mx sm |||||||spa d a108961 a109933 cCHAP1 aArenas Sánchez, Daniel10aDeterminación de razas fisiológicas de ocho poblaciones de Sabanguina tlaxcaltensis n. sp. con plantas diferenciales, en invernaderoh[En línea]cpor Daniel Arenas Sánchez. aChapingo, Méx. :bEl autor,c2016. aPara ver el contenido del material haga clic en la liga aTesis (Ing. Agr. Esp. en Parasitología Agrícola) -- UACH. Departamento de Parasitología Agrícola14aPlantas parásitasxIdentificación.14aSubanguina tlaxcaltensisxFisiología y morfología. a1 n0000501 aFinding aiduhttp://10.13.5.2/tesis/sist112500.pdfzTeclea aquí